000 00761nam a2200193Ia 4500
008 151121s9999||||xx |||||||||||||| ||und||
082 _a920/पाटगा
082 _bHNW-38719
100 _aपाटगावकर चंद्रकांत
245 _aप्रकाशयात्री जयप्रकाश
260 _b"अजब पुस्तकालय, कोल्हापूर"
260 _c--
300 _a108
600 _aपाटगावकर चंद्रकांत
630 _aप्रकाशयात्री जयप्रकाश
700 _aपाटगावकर चंद्रकांत
730 _aप्रकाशयात्री जयप्रकाश
942 _cBOOK
999 _c1229371
_d1229368